The Pass beyond kashmir / (Record no. 194040)
[ view plain ]
| 000 -LEADER | |
|---|---|
| fixed length control field | 00385 a2200157 4500 |
| 003 - CONTROL NUMBER IDENTIFIER | |
| control field | Nust |
| 005 - DATE AND TIME OF LATEST TRANSACTION | |
| control field | 20230208142949.0 |
| 040 ## - CATALOGING SOURCE | |
| Transcribing agency | Nust |
| 082 ## - DEWEY DECIMAL CLASSIFICATION NUMBER | |
| Classification number | 954.6,MAT |
| 100 ## - MAIN ENTRY--PERSONAL NAME | |
| Personal name | Berkely Mather |
| 9 (RLIN) | 108742 |
| 245 ## - TITLE STATEMENT | |
| Title | The Pass beyond kashmir / |
| Statement of responsibility, etc. | Berkely Mather |
| 260 ## - PUBLICATION, DISTRIBUTION, ETC. | |
| Place of publication, distribution, etc. | London |
| Name of publisher, distributor, etc. | St James place |
| Date of publication, distribution, etc. | 1960 |
| 300 ## - PHYSICAL DESCRIPTION | |
| Extent | 320 pages |
| 538 ## - SYSTEM DETAILS NOTE | |
| System details note | Almirah No.63 Shelf No.1 |
| 942 ## - ADDED ENTRY ELEMENTS (KOHA) | |
| Source of classification or shelving scheme | |
| Koha item type | Book |
| Withdrawn status | Lost status | Source of classification or shelving scheme | Damaged status | Not for loan | Permanent Location | Current Location | Shelving location | Date acquired | Full call number | Barcode | Date last seen | Price effective from | Koha item type | Public note |
|---|---|---|---|---|---|---|---|---|---|---|---|---|---|---|
| Military College of Signals (MCS) | Military College of Signals (MCS) | General Stacks | 12/12/2016 | 954.6,MAT | MCS29053 | 12/08/2016 | 12/12/2016 | Book | Almirah No.61, Shelf No.6 |
